000 01139nam a2200253Ia 4500
999 _c5053
_d5053
003 OSt
005 20200508143158.0
008 191128s2005 ck abd gr 000 0dspa d
020 _a958976911x
040 _aCO-JMCR
_cCO-JMCR
041 0 _aspa
082 0 4 _a307.12098614 /
_bN841d
100 1 _aNoriega, Mario,
_ecoordinador
_94147
245 1 7 _aDe las ciudades a las regiones desarrollo regional integrado en Bogotá :
_bresumen ejecutivo /
_ccoordinador Mario Noriega
250 _aPrimera edición
260 _aBogotá :
_bMesa de Planificación Regional Bogotá : UNCRD,
_c2005
300 _a24 páginas :
_bilustraciones a color, mapas, gráficos ;
_c27 cm.
520 _aEl centro de las Naciones Unidas para el Desarrrollo Regional se estableción en 1971 bajo un convenio entre las Naciones Unidas y el gobierno de Japón. El centro tiene cuatro responsabilidades: capacitación e investigación, servicios de consultoría.
650 1 4 _aPlanificación regional
_94157
650 2 4 _aProyectos de desarrollo
_94149
650 2 4 _aPlanes de desarrollo
_94158
650 2 4 _aInversiones públicas
_92262
942 _2ddc
_cBK